Estadísticas para Países en el Primer Meridiano

Haz click aquí para intentar la prueba.

Estadísticas generales

  • Esta prueba ha sido intentada 1.430 veces
  • La puntuación promedio es 16 de 20

Estadísticas de respuestas

DistanciaPaís% Correcto
España
98%
Reino Unido
98%
Francia
96%
1.17°Marruecos
93%
Argelia
90%
Malí
84%
4.75°Mauritania
82%
0.12°Níger
82%
Togo
80%
1.40°Andorra
79%
2.58°Bélgica
79%
2.75°Nigeria
79%
Ghana
78%
3.25°Países Bajos
77%
0.83°Benín
74%
Burkina Faso
74%
2.58°Costa de Marfil
71%
5.73°Luxemburgo
66%
4.50°Noruega
66%
5.62°Guinea Ecuatorial
54%

Distribución de puntuación

Porcentaje por número respondido

Porcentaje de gente con cada puntuación

Historial de tus puntuaciones

No has intentado esta prueba.